000 00787nas a22002057a 4500
005 20260521143306.0
008 260521b19351987poru||p| ||||s00| z por d
040 _cBR-ViAPE
245 _aRevista de Educação
260 _aVitória
_bPublicação do Serviço de Cooperação e Extensão Cultural do Departamento do Ensino Público
_bSecretaria de Educação do Estado do Espírito Santo
_c1935-1987
300 _av.
_bil.
310 _aIrregular
362 _aAno 2, n. 14 (mai. 1935) - n. 4 (mar. 1987).
500 _aColeção incompleta: disponíveis apenas alguns números do periódico
650 _2Educação
_xEscolas
_xEnsino
_zEspírito Santo
651 _aEspírito Santo (Brasil)
_vPeriódicos
710 _aSecretaria de Educação
942 _2ddc
_cPER
_n1
999 _c704
_d704